[Event "38th Olympiad w"]
[Site "Dresden GER"]
[Date "2008.11.25"]
[Round "11"]
[White "Steil Antoni,F"]
[Black "Parveen,S"]
[Result "1-0"]
[WhiteElo "2166"]
[BlackElo "2079"]
[EventDate "2008.11.13"]

1. e4 e5 2. Bc4 Nf6 3. d3 Nc6 4. Nc3 Bb4 5. Nge2 Na5 6. O-O Nxc4 7. dxc4
Bxc3 8. Nxc3 d6 9. Bg5 h6 10. Bh4 g5 11. Bg3 Be6 12. b3 Qe7 13. Qd3 Nh5 14.
Nd5 Bxd5 15. cxd5 O-O 16. Qf3 Ng7 17. Qd3 f5 18. f3 fxe4 19. fxe4 Rxf1+ 20.
Rxf1 Rf8 21. Rxf8+ Qxf8 22. Qb5 Qc8 23. Bf2 Qg4 24. Qd3 a6 25. c4 Nh5 26.
Qf3 Qxf3 27. gxf3 Nf4 28. Be3 Kf7 29. Kf2 Kg6 30. Ba7 Kf6 31. Bb8 Nd3+ 32.
Ke3 Nc1 33. Kd2 Nxa2 34. Bxc7 Ke7 35. Ba5 b5 36. cxb5 axb5 37. b4 1-0

[Event "38th Olympiad w"]
[Site "Dresden GER"]
[Date "2008.11.25"]
[Round "11"]
[White "Parveen,T"]
[Black "Bakalarz,G"]
[Result "1/2-1/2"]
[WhiteElo "2066"]
[BlackElo "2001"]
[EventDate "2008.11.13"]

1. e4 c5 2. c3 d5 3. exd5 Qxd5 4. d4 Nf6 5. Nf3 Nc6 6. Be2 cxd4 7. cxd4 e6
8. O-O Be7 9. Nc3 Qd6 10. Be3 O-O 11. Qd2 b6 12. Nb5 Qd7 13. Rac1 Bb7 14.
Ne5 Nxe5 15. dxe5 Qxd2 16. Bxd2 Nd5 17. Nc7 Rad8 18. Rfd1 Rd7 19. Nxd5 Bxd5
20. Be3 Rfd8 21. Bb5 Rb7 22. h3 f6 23. Ba6 Rbd7 24. Bc8 fxe5 25. Bxd7 Rxd7
26. b3 Ba3 27. Rc8+ Kf7 28. Bc1 Bc5 29. Bb2 Bd6 30. Re1 e4 31. Rd1 Bb7 32.
Rc2 Bd5 33. Rc8 Bb7 34. Rc2 Bd5 35. Rc8 Bb7 36. Rh8 1/2-1/2

[Event "38th Olympiad w"]
[Site "Dresden GER"]
[Date "2008.11.25"]
[Round "11"]
[White "Caoili,A"]
[Black "Terao,J"]
[Result "0-1"]
[WhiteElo "2170"]
[BlackElo "2143"]
[EventDate "2008.11.13"]

1. d4 Nf6 2. Nf3 g6 3. Bf4 Bg7 4. e3 O-O 5. Be2 c5 6. c3 d5 7. h3 Nc6 8.
Nbd2 cxd4 9. exd4 a6 10. O-O Re8 11. Ne5 Nd7 12. Ndf3 Ndxe5 13. dxe5 Bf5
14. Bd3 Be4 15. Re1 Qb6 16. Rb1 Rad8 17. Qe2 Bxd3 18. Qxd3 d4 19. c4 Qc5
20. a3 a5 21. h4 f6 22. e6 Rc8 23. Rbc1 Red8 24. Nd2 a4 25. Ne4 Qf5 26. Qg3
d3 27. Rcd1 Rd4 28. Qf3 Rxc4 29. Rxd3 Nd4 30. Qd1 Nxe6 31. Ng3 Qxf4 32. Qe2
Nf8 33. Qxe7 Rc1 34. Rde3 Rxe1+ 35. Rxe1 Rc2 36. Rf1 Rxb2 37. h5 Qe5 38.
Qd8 Rb3 39. Qd2 Rxa3 40. h6 Bh8 41. Re1 Ra1 42. Rxa1 Qxa1+ 43. Kh2 Qe5 44.
Qa2+ Qe6 45. Qxa4 f5 46. Qb5 b6 47. Ne2 g5 48. Kg1 Be5 49. Qd3 Qd7 50. Qb3+
Ne6 51. g3 b5 52. Qb1 f4 53. Qf5 Qd1+ 54. Kg2 Qd5+ 55. Kh2 fxg3+ 56. fxg3
b4 57. Qc2 b3 58. Qc8+ Kf7 59. Nc3 Qd2+ 0-1

[Event "38th Olympiad w"]
[Site "Dresden GER"]
[Date "2008.11.25"]
[Round "11"]
[White "Feliciano,V"]
[Black "Nguyen Thu Giang"]
[Result "0-1"]
[WhiteElo "2126"]
[BlackElo "2101"]
[EventDate "2008.11.13"]

1. e4 d5 2. Nc3 Nf6 3. exd5 Nxd5 4. Bc4 Nb6 5. Bb3 Nc6 6. Nf3 Bf5 7. O-O e6
8. Re1 Be7 9. d3 Bg4 10. Re4 Bh5 11. Bf4 O-O 12. Nb5 Rc8 13. c3 Bg6 14. Re3
a6 15. Nbd4 Nxd4 16. Nxd4 Nd5 17. Bxd5 Qxd5 18. Nb3 Rfd8 19. d4 c5 20. Qf3
cxd4 21. Qxd5 Rxd5 22. Nxd4 Bc5 23. Ree1 Bxd4 24. cxd4 Rxd4 25. Rac1 Rdc4
26. Rxc4 Rxc4 27. Rc1 Bc2 28. Be3 Kf8 29. b3 Rc6 30. Kf1 Bd3+ 31. Ke1 Rxc1+
32. Bxc1 Bb1 33. a3 Ba2 34. b4 Ke7 35. Bb2 g6 36. Kd2 Kd6 37. Ke3 e5 38.
Bc3 Kd5 39. Kd3 Bb1+ 40. Kd2 e4 41. Bf6 Kc4 42. Kc1 Bd3 43. Kb2 Bf1 44. g3
Kd3 45. Bg5 Ke2 46. Be3 Kf3 47. Kc3 f5 48. Kd4 Bb5 49. h4 Bc6 50. Ke5 f4
51. gxf4 Kg4 52. f5 gxf5 53. h5 Kxh5 54. Kxf5 Kh4 55. Bh6 Kh3 56. Kf4 Kg2
57. Ke3 Kf1 58. Bf4 h5 59. Bg3 Kg2 60. Kf4 Kh3 61. Kg5 e3 62. Bh4 e2 63. f4
Be8 64. f5 Kg2 65. Kf6 Kf1 0-1

[Event "38th Olympiad w"]
[Site "Dresden GER"]
[Date "2008.11.25"]
[Round "11"]
[White "Moylan,L"]
[Black "Chaves,Joa"]
[Result "1/2-1/2"]
[WhiteElo "2114"]
[BlackElo "2065"]
[EventDate "2008.11.13"]

1. e4 e5 2. Nf3 Nc6 3. d4 exd4 4. Bc4 Bc5 5. c3 Nf6 6. e5 d5 7. Bb5 Ne4 8.
cxd4 Bb6 9. Nc3 Nxc3 10. bxc3 O-O 11. Bd3 h6 12. Bc2 Ne7 13. Nh4 f5 14. f4
Ba5 15. Qd3 Bd7 16. O-O Qe8 17. Qh3 Rc8 18. Ba3 c5 19. Bb3 b6 20. c4 Be6
21. cxd5 Nxd5 22. dxc5 bxc5 23. Rac1 Bb6 24. Kh1 Qf7 25. Qg3 Rfd8 26. Qg6
Qxg6 27. Nxg6 Kf7 28. Nh4 Ne3 29. Bxe6+ Kxe6 30. Rfe1 c4 31. Bb4 Ng4 32.
Re2 Nf2+ 33. Rxf2 Bxf2 34. g3 Be3 35. Rc2 c3 36. Nf3 Bd2 37. Bd6 Be3 38.
Kg2 Rc4 39. Kf1 Bc5 40. Bxc5 Rxc5 41. Ke2 Kd5 42. Kd3 Ra5 43. Nd4 g6 44.
Rxc3 Rxa2 45. Nc6 Rd7 46. Nb4+ Ke6+ 47. Ke3 Ra4 48. Nd3 Re4+ 49. Kf3 Kd5
50. Ra3 Kc4 51. Nf2 a6 1/2-1/2

[Event "38th Olympiad w"]
[Site "Dresden GER"]
[Date "2008.11.25"]
[Round "11"]
[White "Gazola,V"]
[Black "Oliver,S"]
[Result "1-0"]
[WhiteElo "1973"]
[BlackElo "1942"]
[EventDate "2008.11.13"]

1. d4 Nf6 2. c4 g6 3. Nc3 Bg7 4. e4 d6 5. Be2 O-O 6. Bg5 Na6 7. Qd2 Qe8 8.
f3 e5 9. d5 Bd7 10. g4 Nc5 11. h4 a6 12. h5 b5 13. b4 Nb7 14. cxb5 axb5 15.
Qd3 Rb8 16. Nxb5 Bxb5 17. Qxb5 Qxb5 18. Bxb5 Nc5 19. bxc5 Rxb5 20. cxd6
cxd6 21. h6 Bh8 22. a4 Ra8 23. Bd2 Nd7 24. Ne2 Nc5 25. Kf2 Rbb8 26. Nc3 Bf6
27. Rhb1 Kf8 28. Be3 Rxb1 29. Rxb1 Nxa4 30. Nxa4 Rxa4 31. Rb8+ Ke7 32. g5
Bxg5 33. Bxg5+ Kd7 34. Rb7+ Ke8 35. Re7+ Kf8 36. Rd7 f5 37. exf5 gxf5 38.
Rxh7 e4 39. fxe4 fxe4 40. Rd7 Ra2+ 41. Ke3 Rh2 42. h7 Rh3+ 43. Kxe4 Rh1 44.
Kf5 Ke8 45. Rd8+ Kf7 46. h8=N+ Kg7 47. Bf6+ Kh7 48. Rd7+ Kg8 49. Rg7+ Kf8
50. Ke6 Re1+ 51. Kxd6 Rb1 52. Ng6+ Ke8 53. Re7+ Kd8 54. Re1+ Kc8 55. Ne7+
1-0

[Event "38th Olympiad w"]
[Site "Dresden GER"]
[Date "2008.11.25"]
[Round "11"]
[White "Sanchez Castillo,S"]
[Black "Dauletova,G"]
[Result "1-0"]
[WhiteElo "2206"]
[BlackElo "2253"]
[EventDate "2008.11.13"]

1. e4 c5 2. Nf3 d6 3. d4 cxd4 4. Nxd4 Nf6 5. Nc3 Nc6 6. Be2 g6 7. O-O Bg7
8. Be3 O-O 9. Nb3 Be6 10. f4 a5 11. a4 Rc8 12. Bf3 Bxb3 13. cxb3 Nb4 14.
Rc1 Nd7 15. Bg4 Rc6 16. e5 e6 17. exd6 Nf6 18. Nb5 Nbd5 19. Bd2 Ne4 20. Kh1
Rxc1 21. Qxc1 Qh4 22. Qe1 Qxg4 23. Qxe4 b6 24. Bc3 Rd8 25. Bxg7 Kxg7 26.
Nc3 Qf5 27. Qxf5 gxf5 28. Nb5 Kf8 29. g3 Rc8 30. Rd1 Nf6 31. Na7 Rd8 32.
Nc6 Rd7 33. Ne5 Rd8 34. d7 Nd5 35. Rc1 Ne7 36. Rc7 f6 37. Nc4 Nd5 38. Rb7
Ke7 39. Nxb6 Nxb6 40. Rxb6 Rxd7 41. b4 Rd1+ 42. Kg2 Rd2+ 43. Kh3 Rxb2 44.
bxa5 Rc2 45. a6 Rc4 46. a5 Rc5 47. a7 Rxa5 48. Rb7+ Kd6 49. Kh4 Ra2 50. h3
e5 51. fxe5+ fxe5 52. Kg5 e4 53. Kxf5 e3 54. Rxh7 Kd5 55. Kf4 e2 56. Re7
Rxa7 57. Rxe2 Rf7+ 58. Kg4 1-0

[Event "38th Olympiad w"]
[Site "Dresden GER"]
[Date "2008.11.25"]
[Round "11"]
[White "Sergeeva,M"]
[Black "Han Wong,Ir"]
[Result "1-0"]
[WhiteElo "2325"]
[BlackElo "2098"]
[EventDate "2008.11.13"]

1. e4 c5 2. Nf3 d6 3. d4 cxd4 4. Nxd4 Nf6 5. Nc3 g6 6. Be3 Bg7 7. f3 Nc6 8.
Qd2 O-O 9. Bc4 Bd7 10. O-O-O Qa5 11. Kb1 Rfc8 12. Bb3 Ne5 13. h4 Nc4 14.
Bxc4 Rxc4 15. g4 Rac8 16. h5 Rxc3 17. Nb3 Qa4 18. bxc3 Bxg4 19. hxg6 hxg6
20. e5 Nd7 21. fxg4 Nxe5 22. Qh2 Nxg4 23. Qh7+ Kf8 24. Rd4 Qc6 25. Rxg4
Qxc3 26. Qxg7+ Kxg7 27. Bd4+ e5 28. Bxc3 Rxc3 29. Rd1 Rc6 30. Rg2 Kf6 31.
Kc1 b6 32. Nd2 d5 33. Nf3 e4 34. Ng5 Rc7 35. Rxd5 Re7 36. Kd2 Kg7 37. Ke3
f5 38. Nh3 Kh6 39. Rd6 Rg7 40. Nf4 1-0

[Event "38th Olympiad w"]
[Site "Dresden GER"]
[Date "2008.11.25"]
[Round "11"]
[White "Hernandez,Z"]
[Black "Nakhbayeva,G"]
[Result "0-1"]
[WhiteElo "2039"]
[BlackElo "2201"]
[EventDate "2008.11.13"]

1. e4 c5 2. Nf3 Nc6 3. d4 cxd4 4. Nxd4 Nf6 5. Nc3 e5 6. Ndb5 d6 7. Bg5 a6
8. Bxf6 gxf6 9. Na3 b5 10. Nd5 f5 11. Bd3 Be6 12. c3 Bg7 13. Qh5 f4 14. Nc2
O-O 15. O-O f5 16. Ncb4 Nxb4 17. Nxb4 Qd7 18. Rad1 Ra7 19. Bb1 Kh8 20. Rd2
Rf7 21. Rfd1 Bf8 22. exf5 Bxf5 23. Bxf5 Rxf5 24. Qf3 Qe6 25. Qd5 Qg6 26.
Qe4 f3 27. g3 Qh5 28. Nd3 Raf7 29. Ne1 Rf4 30. Qd5 Qh3 31. Rd3 e4 32. Re3
Rh4 33. Nxf3 exf3 34. Rxf3 Qxh2+ 35. Kf1 Rxf3 36. Qxf3 Qh1+ 37. Qxh1 Rxh1+
38. Ke2 Rxd1 39. Kxd1 Kg7 40. Kc2 Kf6 41. Kd3 Ke5 0-1

[Event "38th Olympiad w"]
[Site "Dresden GER"]
[Date "2008.11.25"]
[Round "11"]
[White "Rysbayeva,A"]
[Black "Otazo,A"]
[Result "1-0"]
[WhiteElo "2180"]
[BlackElo "1942"]
[EventDate "2008.11.13"]

1. e4 e5 2. Nf3 Nf6 3. d4 Nxe4 4. Bd3 d5 5. Nxe5 Nd7 6. Nxd7 Bxd7 7. O-O
Bd6 8. Qh5 Qf6 9. Qxd5 Bc6 10. Bb5 O-O-O 11. Qh5 Bxb5 12. Qxb5 Qxd4 13. Be3
Qe5 14. Qxe5 Bxe5 15. c3 Rd3 16. Na3 Rhd8 17. Nc4 Bf6 18. a4 Nd6 19. Na3
Nf5 20. Bxa7 b6 21. a5 Kb7 22. axb6 cxb6 23. Nc4 Nd6 24. Nxb6 Nb5 25. Na4
Kxa7 26. Nc5+ Kb6 27. Nxd3 Rxd3 28. Rfd1 Rxd1+ 29. Rxd1 Kc6 30. f4 Nd6 31.
Re1 Nc4 32. Re2 Kb5 33. g4 h6 34. Re8 Kc5 35. Rb8 Kd5 36. Kf2 Ke4 37. Rb4
Kd3 38. Kg3 Ne3 39. h4 Kc2 40. Rb7 Nd1 41. g5 hxg5 42. hxg5 Bd8 43. Rxf7
Nxb2 44. Rxg7 Ba5 45. g6 Nc4 46. Ra7 Bxc3 47. g7 Bxg7 48. Rxg7 Ne3 49. Rd7
Kc3 50. Kh4 Kc4 51. Kg5 Nd5 52. Rxd5 Kxd5 1-0

[Event "38th Olympiad w"]
[Site "Dresden GER"]
[Date "2008.11.25"]
[Round "11"]
[White "Perena,C"]
[Black "Esquivel de Leon,A"]
[Result "1-0"]
[WhiteElo "2210"]
[BlackElo "2037"]
[EventDate "2008.11.13"]

1. d4 Nf6 2. c4 c5 3. Nf3 d6 4. Nc3 cxd4 5. Nxd4 g6 6. e4 Bg7 7. Be2 O-O 8.
O-O Nc6 9. Nb3 a6 10. Be3 b6 11. f3 Rb8 12. Qd2 Re8 13. Rfd1 Nd7 14. Rac1
Nc5 15. Na1 Bb7 16. Nc2 Ba8 17. b4 Ne6 18. Nd5 a5 19. a3 Ne5 20. Bf1 Bc6
21. Qf2 Nd7 22. Rb1 h6 23. g3 Kh7 24. Bh3 Bxd5 25. cxd5 Ng5 26. Bg2 f6 27.
Nd4 Ra8 28. f4 Nf7 29. bxa5 bxa5 30. Ne6 Qc8 31. Rdc1 Qa6 32. Bf1 1-0

[Event "38th Olympiad w"]
[Site "Dresden GER"]
[Date "2008.11.25"]
[Round "11"]
[White "Hernandez Guerrero,Y"]
[Black "Cua,Sherc"]
[Result "0-1"]
[WhiteElo "2228"]
[BlackElo "2154"]
[EventDate "2008.11.13"]

1. e4 e6 2. Nf3 d5 3. exd5 exd5 4. d4 Bd6 5. Bd3 Bg4 6. h3 Bh5 7. c3 Ne7 8.
Be3 Nbc6 9. O-O Qd7 10. a4 f6 11. Na3 a6 12. b4 O-O 13. Be2 Bf7 14. Qd2
Rfe8 15. Bd3 Kh8 16. Bf4 Nc8 17. Rfe1 Rxe1+ 18. Rxe1 a5 19. Bxd6 Nxd6 20.
b5 Ne7 21. Qc2 Bg6 22. Bxg6 Nxg6 23. c4 dxc4 24. Nxc4 Nxc4 25. Qxc4 Nf4 26.
Qc5 Nd5 27. Nh4 Rd8 28. Re4 g6 29. Qc4 Kg7 30. Qe2 Nc3 31. Re7+ Kf8 32. Qe3
Ne2+ 33. Qxe2 Qxe7 34. Qd2 b6 35. Nf3 Kg7 36. h4 h5 37. Qc2 Rd7 38. Qc4 Qb4
39. Qc6 Re7 40. d5 Qxa4 41. g3 Qb4 42. Kg2 Qc5 43. Qb7 Rd7 0-1

[Event "38th Olympiad w"]
[Site "Dresden GER"]
[Date "2008.11.25"]
[Round "11"]
[White "Rivera,Dai"]
[Black "Mendoza Velazquez,L"]
[Result "1-0"]
[WhiteElo "2073"]
[BlackElo "2015"]
[EventDate "2008.11.13"]

1. e4 g6 2. g3 Bg7 3. Bg2 c5 4. Nc3 Nc6 5. d3 e6 6. Be3 b6 7. Qd2 Nge7 8.
Bh6 O-O 9. h4 Nd4 10. O-O-O Nec6 11. h5 Bxh6 12. Qxh6 Qf6 13. hxg6 Qxg6 14.
a3 Qxh6+ 15. Rxh6 Ne5 16. Rh4 Bb7 17. f4 Ng6 18. Rh2 Ne7 19. Nge2 Nxe2+ 20.
Nxe2 f6 21. g4 d5 22. Ng3 Ng6 23. Nh5 Rac8 24. exd5 Bxd5 25. Bxd5 exd5 26.
Re1 Rc7 27. Re6 Rcf7 28. c3 d4 29. cxd4 cxd4 30. Rd6 Rc8+ 31. Kb1 Rfc7 32.
Rxd4 Rc1+ 33. Ka2 Rf1 34. Nxf6+ Kf7 35. Rxh7+ Ke6 36. Nh5 Ne7 37. Re4+ Kd5
1-0

[Event "38th Olympiad w"]
[Site "Dresden GER"]
[Date "2008.11.25"]
[Round "11"]
[White "Real Pereyra,D"]
[Black "Camacho,C"]
[Result "0-1"]
[WhiteElo "1766"]
[BlackElo "2100"]
[EventDate "2008.11.13"]

1. e4 c5 2. Nc3 a6 3. g3 b5 4. a3 Bb7 5. Bg2 e6 6. Nge2 Nf6 7. d3 d5 8. e5
Ng4 9. f4 h5 10. h3 Nh6 11. Be3 Nc6 12. Bf2 h4 13. g4 g5 14. Qd2 Be7 15.
Ng1 gxf4 16. Nf3 Bg5 17. Bxc5 Nxe5 18. Nxg5 Qxg5 19. Rf1 Ng6 20. d4 f5 21.
Qe2 Kf7 22. Bf3 Rae8 23. O-O-O fxg4 24. hxg4 Ng8 25. Kb1 Nf6 26. a4 bxa4
27. Nxa4 Kg7 28. Qd2 Ne4 29. Qa5 Qd8 30. Bb6 Qe7 31. Nc5 Ng5 32. Bh1 Bc6
33. Rde1 Bb5 34. Nd3 Bxd3 35. cxd3 Qb7 36. Rf2 f3 37. Bc7 Rhf8 38. Ref1 Rf7
39. Bh2 Nf4 40. Qd2 Ref8 41. Qe3 Qb3 42. Bxf4 Rxf4 43. Rc2 Kg6 44. Rcf2 Qa4
45. Bxf3 Rxf3 46. Qe2 Rxf2 47. Rxf2 Rxf2 48. Qxf2 Qd1+ 49. Ka2 Qxg4 0-1

[Event "38th Olympiad w"]
[Site "Dresden GER"]
[Date "2008.11.25"]
[Round "11"]
[White "Winkelmann,E"]
[Black "Zepeda,L"]
[Result "1/2-1/2"]
[WhiteElo "2096"]
[BlackElo "2159"]
[EventDate "2008.11.13"]

1. d4 Nf6 2. c4 e6 3. Nf3 b6 4. g3 Bb7 5. Bg2 d5 6. Ne5 Be7 7. O-O O-O 8.
Nc3 c6 9. e4 dxc4 10. Nxc4 b5 11. Ne3 b4 12. Ne2 Nbd7 13. f4 Nb6 14. f5 c5
15. fxe6 fxe6 16. Qb3 cxd4 17. Qxe6+ Kh8 18. Nxd4 Bc5 19. Ndf5 Ng4 20. Kh1
Nxe3 21. Bxe3 Bxe3 22. Nxe3 Re8 23. Qg4 Qd4 24. Nf5 Qe5 25. Rad1 Bxe4 26.
Bxe4 Qxe4+ 27. Qxe4 Rxe4 28. Rf2 h6 29. Kg2 Kh7 30. Nd6 Re6 31. b3 Re7 32.
Nf5 Rf7 33. Rdd2 Rc7 34. Nd4 a5 35. Nb5 Rc5 36. Nd6 Ra7 37. h4 a4 38. Rf4
Nd5 39. Rfd4 axb3 40. axb3 Ne3+ 41. Kf2 Nc2 42. Rc4 Rxc4 43. Nxc4 Rf7+ 44.
Ke2 Re7+ 45. Kf3 Na1 46. Rb2 Rc7 47. Nd2 Nc2 48. Ne4 Kg6 49. Kg4 Ne3+ 50.
Kf3 Nc2 51. Kg4 Ne3+ 52. Kf3 Nc2 1/2-1/2

[Event "38th Olympiad w"]
[Site "Dresden GER"]
[Date "2008.11.25"]
[Round "11"]
[White "Zepeda,S"]
[Black "Beltz,F"]
[Result "1-0"]
[WhiteElo "2118"]
[BlackElo "2109"]
[EventDate "2008.11.13"]

1. e4 c5 2. Nf3 d6 3. d4 cxd4 4. Nxd4 Nf6 5. Nc3 a6 6. Be3 e5 7. Nb3 Be6 8.
Qd2 Be7 9. O-O-O Nbd7 10. Kb1 b5 11. f4 Qc7 12. h3 Bc4 13. g4 b4 14. Nd5
Nxd5 15. exd5 a5 16. Bg2 O-O 17. g5 a4 18. Nc1 Rfb8 19. f5 b3 20. cxb3 axb3
21. Be4 bxa2+ 22. Ka1 Nc5 23. Bxc5 Qxc5 24. f6 Bf8 25. h4 Qb5 26. Rh2 Rb7
27. h5 Rab8 28. Qc2 Kh8 29. Bxh7 Bxd5 30. fxg7+ Bxg7 31. h6 Bf8 32. Rxd5
Qxd5 33. Be4 Qb5 34. Bxb7 Qxb7 35. g6 fxg6 36. Qxg6 Qd5 37. Rg2 Rb7 38. Rf2
Qg8 39. Qf6+ Kh7 40. Qxf8 Qg1 1-0

[Event "38th Olympiad w"]
[Site "Dresden GER"]
[Date "2008.11.25"]
[Round "11"]
[White "Sanchez,In"]
[Black "Osmanodja,F"]
[Result "0-1"]
[WhiteElo "1952"]
[BlackElo "1939"]
[EventDate "2008.11.13"]

1. e4 c5 2. Nf3 d6 3. d4 cxd4 4. Nxd4 Nf6 5. Nc3 a6 6. Be3 e5 7. Nb3 Be7 8.
f3 Be6 9. Qd2 O-O 10. g4 d5 11. g5 Nxe4 12. fxe4 d4 13. Nxd4 exd4 14. Qxd4
Bxg5 15. Qxd8 Bxd8 16. O-O-O Nc6 17. Nd5 Bg4 18. Rd2 Re8 19. Bg2 Ne5 20. h3
Bh5 21. Nf4 Bf3 22. Nd3 Bxg2 23. Rxg2 Ng6 24. Nf2 Bh4 25. Rd1 Bxf2 26. Bxf2
Rxe4 27. Bg3 Ne5 28. Bxe5 Rxe5 29. Rd7 b5 30. Rf2 f5 31. h4 g6 32. Kd2 Rae8
33. a3 R8e7 34. Rxe7 Rxe7 35. h5 Kg7 36. b3 Re4 37. Kd3 Kf6 38. hxg6 hxg6
39. c4 bxc4+ 40. bxc4 Ke5 41. Rg2 Rg4 42. Re2+ Kd6 43. a4 Re4 44. Rg2 Re6
45. Kd4 f4 46. c5+ Kc7 47. Kd5 f3 48. Rh2 Re7 49. Kd4 0-1

[Event "38th Olympiad w"]
[Site "Dresden GER"]
[Date "2008.11.25"]
[Round "11"]
[White "Puuska,H"]
[Black "Mohammed Qane,J"]
[Result "1-0"]
[WhiteElo "2008"]
[BlackElo "1913"]
[EventDate "2008.11.13"]

1. d4 d5 2. Bg5 Nd7 3. Nf3 Ngf6 4. Nc3 e6 5. e4 dxe4 6. Nxe4 Be7 7. Ng3 h6
8. Be3 b6 9. Bd3 Bb7 10. O-O Bd6 11. Re1 Nd5 12. Bd2 O-O 13. Ne5 N7f6 14.
Qc1 h5 15. Bg5 Be7 16. Qd1 Nb4 17. Bc4 g6 18. c3 Nbd5 19. Qe2 Kg7 20. Rad1
h4 21. Nf1 Nh5 22. Bxe7 Qxe7 23. Ne3 Nhf4 24. Qg4 Nxe3 25. fxe3 Nh5 26. Rf1
Rae8 27. Rxf7+ Rxf7 28. Qxg6+ Kh8 29. Nxf7+ 1-0

[Event "38th Olympiad w"]
[Site "Dresden GER"]
[Date "2008.11.25"]
[Round "11"]
[White "Colombo,C"]
[Black "Ptacnikova,L"]
[Result "0-1"]
[WhiteElo "2071"]
[BlackElo "2237"]
[EventDate "2008.11.13"]

1. d4 Nf6 2. c4 e6 3. Nf3 Bb4+ 4. Bd2 c5 5. Bxb4 cxb4 6. Nbd2 O-O 7. g3 d6
8. e4 e5 9. Bg2 Nc6 10. d5 Nb8 11. O-O Na6 12. Ne1 Nc5 13. a3 Qb6 14. axb4
Qxb4 15. b3 Bg4 16. f3 Bh5 17. Qc2 a5 18. Bh3 Bg6 19. Nd3 Qb6 20. Kh1 Nfd7
21. Nf2 f6 22. Nd1 Rfd8 23. Qc3 Be8 24. f4 Bf7 25. Nf2 Nf8 26. Nd3 Bg6 27.
Nxc5 Qxc5 28. Be6+ Nxe6 29. dxe6 exf4 30. gxf4 f5 31. Nf3 fxe4 32. Ng5 Rf8
33. e7 Rf6 34. b4 Qc7 35. Qh3 Bf5 36. Qb3 Qxe7 37. bxa5 Kh8 38. Rfe1 h6 39.
Nf3 Qc7 40. Nd4 Rxa5 41. Rac1 Bh7 42. Rf1 Qf7 43. Ne2 Rc5 44. Rfd1 b5 45.
Rd4 Bg8 46. Rxe4 bxc4 47. Qb8 Qc7 48. Qe8 Qb7 49. Kg1 Rc8 50. Qe7 Qb6+ 51.
Kf1 Bf7 52. Qd7 Rd8 53. Qa4 d5 54. Re7 Bh5 55. Qa2 Bxe2+ 56. Rxe2 Rxf4+ 57.
Rf2 Rdf8 0-1

[Event "38th Olympiad w"]
[Site "Dresden GER"]
[Date "2008.11.25"]
[Round "11"]
[White "Thorsteinsdottir,G"]
[Black "Silva,Na"]
[Result "1-0"]
[WhiteElo "2156"]
[BlackElo "2029"]
[EventDate "2008.11.13"]

1. d4 Nf6 2. c4 e6 3. Nc3 Bb4 4. Qc2 c5 5. a3 Bxc3+ 6. bxc3 d5 7. e3 Ne4 8.
Bd3 f5 9. Nf3 Qa5 10. O-O Qxc3 11. Bxe4 Qxa1 12. Bd3 b5 13. Bb2 Qa2 14. Ra1
Qxa1+ 15. Bxa1 dxc4 16. Be2 cxd4 17. Nxd4 a6 18. Bh5+ Ke7 19. Bf3 Ra7 20.
Qc3 Rf8 21. h3 g6 22. Bb2 Bd7 23. Qb4+ Ke8 24. Qc5 1-0

[Event "38th Olympiad w"]
[Site "Dresden GER"]
[Date "2008.11.25"]
[Round "11"]
[White "De Leon,P"]
[Black "Thorsteinsdottir,H"]
[Result "0-1"]
[WhiteElo "1748"]
[BlackElo "1915"]
[EventDate "2008.11.13"]

1. d4 Nf6 2. c4 g6 3. Nc3 d5 4. Nf3 Bg7 5. Bg5 Ne4 6. cxd5 Nxc3 7. bxc3
Qxd5 8. Qb3 Be6 9. Nd2 Qxg5 10. Qxb7 Qd5 11. Qxc7 Qc6 12. Qa5 O-O 13. e4
Rc8 14. d5 Bxc3 15. dxc6 Bxa5 16. g3 Nxc6 17. Bg2 Rd8 18. Rd1 Bxa2 19. Ke2
Bxd2 20. Rxd2 Rxd2+ 21. Kxd2 Rd8+ 22. Kc3 a5 23. Ra1 Nb4 24. Bf1 Rc8+ 25.
Kb2 a4 26. Bb5 a3+ 27. Kxa3 Nc2+ 28. Kxa2 Nxa1 29. Kxa1 Ra8+ 0-1

[Event "38th Olympiad w"]
[Site "Dresden GER"]
[Date "2008.11.25"]
[Round "11"]
[White "Fridthjofsdottir,S"]
[Black "Donatti,S"]
[Result "0-1"]
[WhiteElo "1806"]
[BlackElo "1678"]
[EventDate "2008.11.13"]

1. e4 c5 2. c3 d5 3. exd5 Qxd5 4. d4 cxd4 5. cxd4 Nc6 6. Be3 Nf6 7. Nc3 Qd6
8. Nf3 Bg4 9. Be2 e6 10. O-O Be7 11. Rc1 O-O 12. Nb5 Qd7 13. Qd3 Bf5 14.
Qb3 Nd5 15. Rfd1 a6 16. Nc3 Nxc3 17. bxc3 Rfd8 18. c4 Rac8 19. Qb6 Qe8 20.
h3 Ba3 21. Ra1 Nb4 22. Rf1 Qa4 23. Nh4 Be4 24. Bd1 Nc2 25. Bxc2 Bxc2 26.
Bg5 Re8 27. Bc1 Bb4 28. Bb2 Bd3 29. Rfc1 Bxc4 30. Nf3 Bd5 31. a3 Ba5 32.
Qd6 Qb5 33. Rxc8 Rxc8 34. Rc1 Rd8 35. Qf4 Qxb2 36. Ne5 f6 37. Nd3 Qd2 38.
Qg3 Be4 39. Rc5 Bxd3 40. Qg4 Bf5 0-1

[Event "38th Olympiad w"]
[Site "Dresden GER"]
[Date "2008.11.25"]
[Round "11"]
[White "Perez,En"]
[Black "Nekrasova,E"]
[Result "1/2-1/2"]
[WhiteElo "2097"]
[BlackElo "2091"]
[EventDate "2008.11.13"]

1. d4 d5 2. e3 e6 3. Bd3 c5 4. c3 Nc6 5. f4 Bd6 6. Nf3 f6 7. O-O Qc7 8. Na3
a6 9. Nc2 Nge7 10. Qe1 Bd7 11. b3 e5 12. fxe5 fxe5 13. e4 dxe4 14. Bxe4
exd4 15. cxd4 cxd4 16. Bb2 O-O 17. Ncxd4 Nxd4 18. Bxd4 Bc5 19. Qc3 Bxd4+
20. Qxd4 h6 21. Ne5 Be6 22. Rfc1 Qb8 23. Nc4 Rd8 24. Qb6 Bd5 25. Bxd5+ Nxd5
26. Qe6+ Kh7 27. Qf5+ Kg8 28. Qe6+ Kh7 29. Ne5 Re8 30. Qg6+ Kg8 31. Qf7+
Kh7 32. Qg6+ Kg8 33. Qf7+ 1/2-1/2

[Event "38th Olympiad w"]
[Site "Dresden GER"]
[Date "2008.11.25"]
[Round "11"]
[White "Jalloul,M"]
[Black "De la Cruz,M"]
[Result "0-1"]
[WhiteElo "1889"]
[BlackElo "2045"]
[EventDate "2008.11.13"]

1. e4 c5 2. Nc3 Nc6 3. g3 g6 4. Bg2 Bg7 5. d3 Rb8 6. f4 d6 7. Nf3 b5 8. O-O
Nf6 9. h3 e6 10. g4 O-O 11. Ne2 Ne8 12. Ng3 f5 13. exf5 exf5 14. gxf5 gxf5
15. Ng5 Ne7 16. Re1 Nf6 17. Nh5 Nxh5 18. Qxh5 h6 19. Ne6 Bxe6 20. Rxe6 Qd7
21. Re2 Kh7 22. c3 Ng6 23. Bd2 Rbe8 24. Rae1 Rxe2 25. Rxe2 d5 26. Qf3 Rd8
27. Bf1 d4 28. cxd4 Bxd4+ 29. Kh1 Nh4 30. Qh5 Qd5+ 31. Bg2 Nxg2 32. Rxg2
Rg8 33. Qe2 Qxg2+ 34. Qxg2 Rxg2 35. Kxg2 Bxb2 36. Kf3 c4 37. Ke2 c3 38. Be3
c2 0-1

[Event "38th Olympiad w"]
[Site "Dresden GER"]
[Date "2008.11.25"]
[Round "11"]
[White "Blackburn,Su"]
[Black "Milligan,H"]
[Result "0-1"]
[WhiteElo "1883"]
[BlackElo "1957"]
[EventDate "2008.11.13"]

1. d4 Nf6 2. Nf3 e6 3. Bg5 c5 4. e3 b6 5. c3 Bb7 6. Nbd2 Be7 7. Bd3 cxd4 8.
exd4 d6 9. O-O Nbd7 10. Re1 O-O 11. Nc4 Rc8 12. Qe2 h6 13. Bf4 Qc7 14. h3
Rfe8 15. Nh2 Bf8 16. Ng4 Qc6 17. Nce3 Nxg4 18. Qxg4 Nf6 19. Qh4 e5 20. dxe5
dxe5 21. Bh2 Bc5 22. Bf1 Rcd8 23. Nc4 Ne4 24. Bg3 Nxg3 25. Qxg3 e4 26. Qf4
Qe6 27. Ne3 Bd6 28. Qf5 g6 29. Qxe6 Rxe6 30. Bc4 Ree8 31. Rad1 Kg7 32. Nd5
f5 33. Bb5 Re5 34. c4 Bxd5 35. Rxd5 Rxd5 36. cxd5 Kf6 37. Rd1 Ke5 38. Kf1
Bc5 39. Bc6 a5 40. Ke2 f4 41. Rf1 h5 42. g3 f3+ 43. Kd2 Rf8 44. b3 g5 45.
a4 Rh8 46. Bb7 h4 47. g4 Re8 48. Bc6 Re7 49. Ke1 Kf4 50. Kd1 e3 51. fxe3+
Rxe3 52. Bb5 Rxb3 53. Kc2 Re3 54. Rd1 Bd6 55. Bf1 Kg3 56. Kd2 Ra3 57. Rb1
Rxa4 58. Kd3 Rb4 59. Rc1 Bc5 60. Kc3 Rd4 61. Bc4 Kxh3 62. Rf1 Kg2 63. Rb1
f2 64. Bf1+ Kg3 0-1

[Event "38th Olympiad w"]
[Site "Dresden GER"]
[Date "2008.11.25"]
[Round "11"]
[White "Maroroa,S"]
[Black "Wilson,Ju"]
[Result "1-0"]
[WhiteElo "1938"]
[BlackElo "1935"]
[EventDate "2008.11.13"]

1. e4 c5 2. Nc3 Nc6 3. f4 g6 4. Nf3 Bg7 5. Bb5 e6 6. O-O Nge7 7. Bxc6 Nxc6
8. d3 d6 9. a3 O-O 10. Qe1 a6 11. Kh1 Bd7 12. Nd1 Qc7 13. Qh4 Qd8 14. Qe1
Qe7 15. c3 Rae8 16. Qg3 Kh8 17. Ne3 Na5 18. e5 Nb3 19. Rb1 Nxc1 20. Rbxc1
Bb5 21. Rcd1 f6 22. Rfe1 Bc6 23. exd6 Qxd6 24. Nc4 Qc7 25. Nh4 Bh6 26. Rf1
b5 27. Ne3 Rg8 28. Ng4 Bg7 29. Nxg6+ hxg6 30. Qh4+ 1-0